000 01036pam a2200325 a 4500
001 4351
003 FISKH
005 20240731160606.0
008 860129s1986 nyua j 000 1 eng
010 _a 86002722
020 _a0394874269 :
020 _a0394974263 (lib. bdg.) :
040 _aDLC
_cDLC
_dDLC
_beng
050 _aPZ7.Z487
082 _a813.54
100 1 _aZiefert, Harriet.
245 1 2 _aA new coat for Anna /
_cby Harriet Ziefert ; pictures by Anita Lobel.
250 _aFirst Scholastic printing, September 1988
260 _aNew York :
_bScholastic,
_c1986
300 _a32 unnumbered pages :
_bcolor illustrations ;
_c23 cm
505 _aQ
520 _aEven though there is no money, Anna's mother finds a way to make Anna a badly needed winter coat.
521 8 _a670
_bLexile estimate
521 8 _aQ
_bRaz-Plus
650 1 _aCoats
_xFiction.
700 1 _aLobel, Anita,
_eillustrator
906 _a7
_bcbc
_corignew
_d1
_eocip
_f19
_gy-gencatlg
942 _2ddc
_cBK
_n0
999 _c4351
_d4351